Statistics for Origins of the Days of the Week

Click here to take the quiz!

General Stats

  • This quiz has been taken 170 times
    (129 since last reset)
  • The average score is 5 of 7

Answer Stats

DayOrigin% Correct
WednesdayWodin | Mercury
89%
SundayThe Sun
85%
ThursdayThor | Jupiter
84%
FridayFrigg | Venus
83%
SaturdaySaturn
75%
MondayThe Moon
68%
TuesdayTiw | Mars
61%

Score Distribution

Percentile by Number Answered

Percent of People with Each Score

Your Score History

You have not taken this quiz since the last reset